| 000 | 01909nam a22003017a 4500 | ||
|---|---|---|---|
| 003 | DO-SdBNP | ||
| 005 | 20220302083007.0 | ||
| 008 | 210310b1995 dr 00| 0 spa d | ||
| 020 | _a8489527024 | ||
| 040 |
_aBPMSU _bspa. _cBPMSU |
||
| 082 |
_aH861.09 _bC422p, 1995 _222 |
||
| 100 |
_aCépedes, Diógenes _d1941 - |
||
| 245 |
_aPolítica de la teoría del lenguaje y la poesía en América Latina en el Siglo XX / _cDiógenes Céspedes ; Isidro de los Santos |
||
| 260 |
_aSanto Domingo : _bUniversidad Autónoma de Santo Domingo ; _bLibrería 1a Trinitaria, _c1995 |
||
| 300 |
_a525 p. ; _c21 cm. _b |
||
| 490 | 0 |
_aPublicaciones de la Universidad Autónoma de Santo Domingo; _aLiteratura y sociedad: _v749 /46 |
|
| 500 | _aIncluye datos biográficos del autor en la solapa de la cubierta | ||
| 500 | _aIncluye referencias bibliográficas y notas al pie de las páginas | ||
| 505 | _aLo poético y lo político en César Vallejo -- González Prada / El lenguaje y su relación con las utopías y los proyectos sociales 1880-1920 -- El efecto Rodó. Nacionalismo idealista vs Nacionalismo práctico : Los intelectuales antes de y bajo Trujillo -- El problema el valor literario en la teoría poética de Macedonio Fernández -- Teoría de lo político, teoría de la traducción en Octavio Paz -- Crítica de la teoría de la novela hispanoamericana contemporánea -- Sujeto y poético de la historia en Yo el supremo de Roa Bastos -- Marxismo, cultura y racionalismo en el discurso de José Carlos Mariategui -- Huidobro, ¿vanguardista?. | ||
| 590 | _aInventariado, 2021/ MC | ||
| 650 | 4 |
_aPoesía hispanoamericana _xHistoria y crítica _ySiglo XX |
|
| 650 | 4 |
_aLiteratura hispanoamericana _xHistoria y crítica _ySiglo XX |
|
| 650 | 4 |
_aNovela hispanoamericana _xHistoria y crítica _ySiglo XX |
|
| 650 | 4 | _aLiteratura y sociedad | |
| 830 | _v | ||
| 910 | _aMCabrera / VMateo | ||
| 942 |
_2ddc _cBK |
||
| 999 |
_c13392 _d13392 |
||